000 00680cam a2200229Ia 4500
001 38470
005 20230410101734.0
008 970321s1994 ht a 000 0 fre d
035 _a(OCoLC)ocm36596191
040 _aFUG
_cFUG
019 _a45153475
035 _a(OCoLC)36596191
_z(OCoLC)45153475
050 1 4 _a110 PQ 3949.2
_bS254e 1994
100 1 _aSatyre, Joubert,
_d1958-
245 1 0 _aEspaces intermediaires :
_bpoémes /
_cJoubert Satyre ; illustres des encres de Tiga.
260 _a[Haiti] :
_bEditions Mémoire,
_c1994.
300 _a55 p. :
_bill. ;
_c21 cm.
650 4 _aCEH
650 4 _aColección Estudios Haitianos
942 _2lcc
_cbk
994 _aC0
_bDRFGD
999 _c13157
_d13157